music trivia: jazz groups by members' names - Statistics

General Stats
  • This quiz has been taken 72 times
  • The average score is 7 of 15
Answer Stats
groups' members' names jazz combo's name % Correct
Alex Acuna, Joe Zawinul, Wayne Shorter, Jaco Pastorius, et al. Weather Report
85%
Joe Morello, Dave Brubeck, Paul Desmond & Eugene Wright Dave Brubeck Quartet
81%
Scott LaFaro, Bill Evans & Paul Motian Bill Evans Trio
78%
Red Garland, John Coltrane, Miles Davis, Paul Chambers & Philly Joe Jones Miles Davis Quintet
73%
John Lewis, Percy Heath, Milt Jackson & Connie Kay Modern Jazz Quartet
58%
Jimmy Garrison, Mccoy Tyner, John Coltrane & Elvin Jones John Coltrane Quartet
54%
Stanley Clarke, Chick Corea, Al DiMeola, Jean-Luc Ponty, et al. Return to Forever
47%
Gene Krupa, Benny Goodman & Teddy Wilson Benny Goodman Trio
42%
John McLaughlin, Jean-Luc Ponty, Billy Cobham, Jan Hammer, et al. Mahavishnu Orchestra
37%
Teddy Wilson, Lionel Hampton, Gene Krupa & Benny Goodman Benny Goodman Quartet
34%
Eric Revis, Jeff "Tain" Watts, Branford Marsalis and Kenny Kirkland Branford Marsalis Quartet
24%
Chet Baker, Chico Hamilton, Gerry Mulligan & Bob Whitlock Gerry Mulligan Quartet
24%
Max Roach, Lee Konitz, Gerry Mulligan, Kai Winding, Gunther Schuller, Miles Davis, John Lewis, Bill Barber, Al McKibbon Miles Davis Nonet
20%
Freddie Hubbard, Don Cherry, Charlie Haden, Ornette Coleman, Billy Higgins, Ed Blackwell, Eric Dolphy & Scott LaFaro Ornette Coleman Double Quartet
15%
Kid Ory, Johnny St. Cyr, Louis Armstrong, Lil Hardin and Johnny Dodds Louis Armstrong and His Hot Five
12%
No matching quizzes found
Score Distribution
Percent of People with Each Score
Percentile by Number Answered
Your Score History
You have not taken this quiz